LEADER 01101nam a2200265 i 4500 001 000000333785 003 CaOOAMICUS 005 20190605152327.0 008 190605s2018 it u000 u ita u 013 $a235454 020 $a978-88-10-62165-3 040 $aSeMil$bita 245 13$a5: Vivere la fragilità e il proprio morire /$ca cura di Enzo Biemmi. 264 1$aBologna :$bEDB,$c2018. 300 $a172 p. ;$c21 cm. 650 4$aParrocchia - Evangelizzazione.$0(OLS)http://semarc/subject/20985 650 4$aMorte - Concezione cristiana.$0(OLS)http://semarc/subject/5126 700 1 $aBiemmi, Enzo,$c.$0(OLS)http://semarc/name/43376 773 0 $tProgetto secondo annuncio.$dBologna : EDB, 2011.$w()4649 850 $aSeMil 852 $aSeMil$W1$xVenegono$y1$m2C VI 240$j213344$B226089$CSeMilBibl$Z2$F226089 $81 996 $6020$a978-88-10-62165-3$9(OLS)http://semarc/number/287428 996 $6245$a5: Vivere la fragilità e il proprio morire$9(OLS)http://semarc/title/423480 996 $6264$aBologna :$bEDB$9(OLS)http://semarc/publisher/29669 LEADER 01102nam a2200265 i 4500 001 000000107857 003 CaOOAMICUS 005 20240718161145.0 008 170207s1969 it u000 u ita u 013 $a80379 040 $aSeMil$bita 100 1 $aScalfari, Eugenio,$d<1924-2022>.$0(OLS)http://semarc/name/5790 245 12$aL'autunno della Repubblica :$bla mappa del potere in Italia /$cEugenio Scalfari. 260 $aMilano :$bEtas Kompass,$c1969. 300 $a209 p. ;$c21 cm. 490 0 $aNuova collana di saggi ;$v29 650 4$aItalia - Repubblica.$0(OLS)http://semarc/subject/55917 650 4$aItalia - Storia - Sec. 20.$0(OLS)http://semarc/subject/254 830 0$aNuova collana di saggi ;$v29.$0(OLS)http://semarc/title/22086 850 $aSeMil 852 $aSeMil$W1$xVenegono$y1$m3V II 285$j63953$B63953$CSeMilBibl$Z2$F216796 $81 961 $aOmaggio: Altro 996 $6245$aL'autunno della Repubblica :$bla mappa del potere in Italia$9(OLS)http://semarc/title/407269 996 $6260$aMilano :$bEtas Kompass$9(OLS)http://semarc/publisher/33691